Francisco Puy Muñoz : (Registro nro. 21834)
[ vista simple ]
| 000 -Cabecera | |
|---|---|
| Campo de control interno | 00860nam a2200277Ia 4500 |
| 005 - Fecha y hora del registro | |
| control field | 20260320113316.0 |
| 008 - Elementos de Longitud Fija | |
| fixed length control field | 260320s9999||||xx |||||||||||||| ||und|| |
| 020 ## - ISBN | |
| ISBN | 9788429029222 |
| 041 ## - Idioma | |
| Codigo Idioma | ESP |
| 082 ## - DEWEY y NOTACIÓN INTERNA | |
| Dewey | 340.92 |
| Notación Interna | O86 |
| 100 ## - AUTOR | |
| Autor denominación | Otero Parga, Milagros, |
| Término de relación | autor |
| 245 #0 - TÍTULO DE MATERIAL BIBLIOGRÁFICO | |
| Título | Francisco Puy Muñoz : |
| Título paralelo | el profesor que educaba para la justicia |
| 246 ## - TÍTULO TRADUCIDO | |
| Título | |
| Título paralelo | |
| Autor | |
| 250 ## - EDICIÓN | |
| Edición | Primera edición |
| 260 ## - CIUDAD, EDITORIAL, AÑO | |
| Ciudad | Madrid : |
| Nombre de la Editorial | Reus, |
| Año | 2025 |
| 300 ## - DESCRIPCIÓN | |
| N° Páginas | 469 páginas : |
| Otros detalles | |
| Dimensiones | 25 cm. |
| Material Adicional | |
| 440 ## - MENCIÓN DE SERIE | |
| Título de la Serie | |
| Número de Serie | |
| Volumen de Serie | |
| 500 ## - NOTA GENERAL | |
| Nota General | Con dedicatoria |
| 650 ## - TEMAS | |
| Temas | Ciencias Sociales |
| 653 ## - DESCRIPTORES | |
| Lenguajes no controlado | Derecho; Derecho - Filosofía; Biografías - Francisco Puy Muñoz |
| 654 ## - PROGRAMAS | |
| Programa | |
| 700 ## - OTROS AUTORES | |
| Otros autores | |
| Títulos y otras palabras asociadas con el nombre | |
| 856 ## - URL - UBICACIÓN | |
| URI/URL: Enlace exacto del recurso | <a href="https://itmsp.museknowledge.com/UCSP?groupID=2&action=source&sourceID=JSTOR_org_IP">https://itmsp.museknowledge.com/UCSP?groupID=2&action=source&sourceID=JSTOR_org_IP</a> |
| Nota pública: Versión digital | <a href="Véase además: Base de datos JSTOR">Véase además: Base de datos JSTOR</a> |
| 942 ## - ELEMENTOS DE KOHA | |
| Tipo de documento | Libro |
| Nombre del creador | Justo Noguera |
| Código de catalogador | Tania Ramirez |
| Esquema de clasificación | Dewey Decimal Classification |
| Suppress in OPAC | |
| Codigo completo | Registro | Colección | Copia número | Disponibilidad | Tipo de préstamo | Biblioteca Actual | Procedencia (Biblioteca) | Ubicacón | Fecha Ingreso | Tipo de Adquisición | Observación | Date last seen | Total checkouts | Price effective from | Tipo de Item | Estado del Material | Fuente de Clasificación | Damaged status | Withdrawn status |
|---|---|---|---|---|---|---|---|---|---|---|---|---|---|---|---|---|---|---|---|
| 340.92 O86 | 1085920 | Universidad Católica San Pablo | 1 | Disponible | Disponible | Víctor Andrés Belaunde | Víctor Andrés Belaunde | Primer piso | 10/03/2026 | Donación | José Chavez | 20/03/2026 | 20/03/2026 | Libro | Bueno | Dewey Decimal Classification |




